Evolution, ecology, conservation, and management of hawaiian birds: vanishing avifauna
Guardat en:
| Autor principal: | |
|---|---|
| Altres autors: | |
| Format: | Llibre |
| Idioma: | anglès |
| Publicat: |
Camarillo
Cooper Ornithological Society
2001
|
| Col·lecció: | Studies in Avian Biology.
22 |
| Matèries: | |
| Etiquetes: |
Afegir etiqueta
Sense etiquetes, Sigues el primer a etiquetar aquest registre!
|
MARC
| LEADER | 00000nam a2200000 a 4500 | ||
|---|---|---|---|
| 001 | UCL7896 | ||
| 003 | CL-VaPUC | ||
| 005 | 20211113074305.0 | ||
| 008 | 040604e20010000US |||||||||||||||||eng|d | ||
| 999 | |c 309452 |d 309450 | ||
| 020 | |a 1891276182 | ||
| 040 | |c Pontificia Universidad Católica de Valparaíso | ||
| 082 | 0 | 4 | |a 598.0723 SCO 2001 |2 21 |
| 100 | 0 | |a Scott, J. Michael |9 485853 | |
| 245 | 1 | 0 | |a Evolution, ecology, conservation, and management of hawaiian birds: vanishing avifauna |
| 260 | |a Camarillo |b Cooper Ornithological Society |c 2001 | ||
| 300 | |a 428 páginas | ||
| 490 | 0 | |a Studies in Avian Biology. |v 22 | |
| 583 | |a last modification |c 20040604 00:00:00 |k Rodrigo Vera | ||
| 650 | 0 | |a Aves |9 262192 | |
| 650 | 0 | |a Ornitología |9 269493 | |
| 650 | 0 | |a Protección del medio ambiente |9 257626 | |
| 650 | 0 | |a Migración |9 331531 | |
| 650 | 0 | |a Distribución geográfica |9 260005 | |
| 651 | 7 | |a HAWAI |2 CL-VaPUC |9 339182 |z ESTADOS UNIDOS | |
| 700 | 0 | |a Conant, Sheila |9 485854 | |
| 942 | |c BK |2 ddc | ||
| 945 | |d 20040604 00:00:00 |a cmena | ||
| 952 | |0 0 |1 0 |2 ddc |4 0 |6 598_072300000000000_SCO_2001 |7 0 |8 A |9 376894 |a BIBCUR |b BIBCUR |d 2019-11-21 |i 402351K |o 598.0723 SCO 2001 |p 402351K |r 2025-04-22 |t 1 |w 2019-11-21 |y BK |k BIO | ||
| 952 | |0 0 |1 0 |2 ddc |4 0 |6 598_072300000000000_SCO_2001 |7 0 |8 A |9 376895 |a BIBCUR |b BIBCUR |d 2019-11-21 |i 4023528 |o 598.0723 SCO 2001 |p 4023528 |r 2025-04-22 |t 2 |w 2019-11-21 |y BK |k BIO | ||